Grassland carbon sequestration: management, policy and economics : (Record no. 53739)
[ view plain ]
| 000 -CABECERA | |
|---|---|
| campo de control de longitud fija | 01705cam a22004337a 4500 |
| 003 - IDENTIFICADOR DEL NÚMERO DE CONTROL | |
| campo de control | CHAP |
| 005 - FECHA Y HORA DE LA ÚLTIMA TRANSACCIÓN | |
| campo de control | 20220817042730.0 |
| 008 - DATOS DE LONGITUD FIJA--INFORMACIÓN GENERAL | |
| campo de control de longitud fija | 110506s2010 it r 00010 eng d |
| 010 ## - NÚMERO DE CONTROL DE LA BIBLIOTECA DEL CONGRESO | |
| Número de control de LC | 53739 |
| 011 ## - ENLACE DEL NUMERO DE CONTROL DE LA BIBLIOTECA DEL CONGRESO [OBSOLETO] | |
| Número de control de LC | 54711 |
| 020 ## - NÚMERO INTERNACIONAL ESTÁNDAR DEL LIBRO | |
| Número Internacional Estándar del Libro | 9789251066959 |
| 035 ## - NÚMERO DE CONTROL DEL SISTEMA | |
| Número de control de sistema | 58862 |
| 040 ## - FUENTE DE LA CATALOGACIÓN | |
| Centro/agencia transcriptor | CHAP |
| 082 00 - NÚMERO DE LA CLASIFICACIÓN DECIMAL DEWEY | |
| Número de clasificación | 631.5 |
| Número de documento/Ítem | F34y v.11 |
| 110 2# - ENTRADA PRINCIPAL--NOMBRE DE ENTIDAD CORPORATIVA | |
| Nombre de entidad corporativa o nombre de jurisdicción como elemento de entrada | FAO |
| 245 13 - MENCIÓN DE TÍTULO | |
| Título | Grassland carbon sequestration: management, policy and economics : |
| Resto del título | Proceedings of the Workshop on the role of grassland carbon sequestra- tion in the mitigation of climate change |
| Mención de responsabilidad, etc. | /editado por Michael Abberton, Richard Conant y Caterine Bello |
| 260 ## - PUBLICACIÓN, DISTRIBUCIÓN, ETC. | |
| Lugar de publicación, distribución, etc. | Roma : |
| Nombre del editor, distribuidor, etc. | FAO, |
| Fecha de publicación, distribución, etc. | 2010 |
| 300 ## - DESCRIPCIÓN FÍSICA | |
| Extensión | ix, 338 p. : |
| Otras características físicas | ilus., gráfs., cuadros |
| 490 #0 - MENCIÓN DE SERIE | |
| Mención de serie | FAO. Gestión integrada de cultivos |
| Designación de volumen o secuencia | ; 11 |
| 590 ## - NOTA LOCAL (RLIN) | |
| Nota local | BATCH-UPD |
| Procedencia (VM) [OBSOLETO] | 10 |
| Condición del los carretes individuales (VM) [OBSOLETO] | 20130110 |
| -- | UCH01 |
| -- | 0341 |
| 590 ## - NOTA LOCAL (RLIN) | |
| Nota local | BATCH-UPD |
| Procedencia (VM) [OBSOLETO] | 10 |
| Condición del los carretes individuales (VM) [OBSOLETO] | 20130110 |
| -- | UCH01 |
| -- | 1832 |
| 590 ## - NOTA LOCAL (RLIN) | |
| Nota local | BATCH-UPD |
| Procedencia (VM) [OBSOLETO] | 10 |
| Condición del los carretes individuales (VM) [OBSOLETO] | 20130410 |
| -- | UCH01 |
| -- | 0015 |
| 590 ## - NOTA LOCAL (RLIN) | |
| Nota local | BATCH-UPD |
| Procedencia (VM) [OBSOLETO] | 10 |
| Condición del los carretes individuales (VM) [OBSOLETO] | 20130913 |
| -- | UCH01 |
| -- | 1811 |
| 590 ## - NOTA LOCAL (RLIN) | |
| Nota local | BATCH-UPD |
| Procedencia (VM) [OBSOLETO] | 10 |
| Condición del los carretes individuales (VM) [OBSOLETO] | 20130914 |
| -- | UCH01 |
| -- | 0842 |
| 590 ## - NOTA LOCAL (RLIN) | |
| Nota local | CONVERSION |
| Procedencia (VM) [OBSOLETO] | 10 |
| Condición del los carretes individuales (VM) [OBSOLETO] | 20130109 |
| -- | UCH01 |
| -- | 1329 |
| 650 14 - PUNTO DE ACCESO ADICIONAL DE MATERIA--TÉRMINO DE MATERIA | |
| Término de materia o nombre geográfico como elemento de entrada | Carbón. |
| 9 (RLIN) | 18836 |
| 650 14 - PUNTO DE ACCESO ADICIONAL DE MATERIA--TÉRMINO DE MATERIA | |
| Término de materia o nombre geográfico como elemento de entrada | Dioxido de carbono. |
| 9 (RLIN) | 32667 |
| 650 14 - PUNTO DE ACCESO ADICIONAL DE MATERIA--TÉRMINO DE MATERIA | |
| Término de materia o nombre geográfico como elemento de entrada | Praderas. |
| 9 (RLIN) | 91230 |
| 650 14 - PUNTO DE ACCESO ADICIONAL DE MATERIA--TÉRMINO DE MATERIA | |
| Término de materia o nombre geográfico como elemento de entrada | Recursos naturales |
| Subdivisión general | Administración. |
| 9 (RLIN) | 95175 |
| 650 14 - PUNTO DE ACCESO ADICIONAL DE MATERIA--TÉRMINO DE MATERIA | |
| Término de materia o nombre geográfico como elemento de entrada | Suelos. |
| 9 (RLIN) | 110191 |
| 700 0# - PUNTO DE ACCESO ADICIONAL--NOMBRE DE PERSONA | |
| Nombre de persona | Batello, Caterina. |
| 9 (RLIN) | 10785 |
| 700 1# - PUNTO DE ACCESO ADICIONAL--NOMBRE DE PERSONA | |
| Nombre de persona | Abberton, Michael |
| 9 (RLIN) | 157 |
| 700 1# - PUNTO DE ACCESO ADICIONAL--NOMBRE DE PERSONA | |
| Nombre de persona | Conant, Richard T. |
| 9 (RLIN) | 26277 |
| 711 22 - PUNTO DE ACCESO ADICIONAL--NOMBRE DE REUNIÓN/CONGRESO | |
| Nombre de congreso/reunión o jurisdicción como elemento de entrada | Workshop on the Role of Grassland Carbon Sequestration in the Mitigation of Climate Change |
| Fecha del congreso/reunión | (2009 : |
| Sede del congreso/Lugar de la reunión | Rome, Italy) |
| 9 (RLIN) | 55 |
| 830 00 - PUNTO DE ACCESO ADICIONAL DE SERIE-TÍTULO UNIFORME | |
| Título uniforme | FAO. Gestión integrada de cultivos |
| Designación de volumen o secuencia | ; 11 |
| 9 (RLIN) | 39569 |
| 901 ## - ELEMENTOS DE DATOS A LOCAL LDA (RLIN) | |
| a | BK |
| 942 ## - ELEMENTOS DE PUNTO DE ACCESO ADICIONAL (KOHA) | |
| Tipo de ítem Koha | Libro |
| 949 ## - PROCESAMIENTO DE INFORMACIÓN LOCAL (OCLC) | |
| a | 631.5 F34y v.11 |
| b | BC |
| c | FAO |
| d | 33724002256132 |
| e | FAO1 |
| g | DonaciØn |
| h | 114838 |
| i | 58862 |
| s | b |
| Estado de retiro | Estado de pérdida | Estado dañado | Restricciones de uso | No para préstamo | Código de colección | Localización permanente | Ubicación/localización actual | Ubicación en estantería | Fecha de adquisición | Fuente de adquisición | Información codificada de la localización en otra ubicación | Número de inventario | Total de préstamos | Signatura topográfica completa | Código de barras | Fecha visto por última vez | Precio válido a partir de | Tipo de ítem Koha |
|---|---|---|---|---|---|---|---|---|---|---|---|---|---|---|---|---|---|---|
| Préstamo 3 días | Publicaciones FAO | Biblioteca Central | Biblioteca Central | Planta Principal - Área de préstamo - FAO | 31/12/2019 | Donacion | LIBRO | 127 | 631.5 F34y v.11 | 33724002256132 | 31/12/2019 | 31/12/2019 | Libro |
